How to plan & build bookcases, cabinets & shelves / (Record no. 9092)
[ view plain ]
| 000 -LEADER | |
|---|---|
| fixed length control field | 01030nac a22002771u 4500 |
| 010 ## - LIBRARY OF CONGRESS CONTROL NUMBER | |
| LC control number | 86072432 |
| 020 ## - INTERNATIONAL STANDARD BOOK NUMBER | |
| International Standard Book Number | 0897210883 (pbk.) : |
| 082 00 - DEWEY DECIMAL CLASSIFICATION NUMBER | |
| Classification number | 684.16 |
| Item number | HOW |
| 090 ## - LOCALLY ASSIGNED LC-TYPE CALL NUMBER (OCLC); LOCAL CALL NUMBER (OCLC) | |
| -- | 9092 |
| -- | 9092 |
| 100 ## - MAIN ENTRY--PERSONAL NAME | |
| Personal name | 20080729 |
| 245 10 - TITLE STATEMENT | |
| Title | How to plan & build bookcases, cabinets & shelves / |
| Statement of responsibility, etc | created and designed by the editorial staff of Ortho Books ; project editor, Karin Shakery ; writer, Craig Bergquist...[et. al.] |
| 260 ## - PUBLICATION, DISTRIBUTION, ETC. (IMPRINT) | |
| Place of publication, distribution, etc | San Francisco, CA : |
| Name of publisher, distributor, etc | Ortho Book, Chevron Chemical Co.,1987. |
| Date of publication, distribution, etc | c1987. |
| 300 ## - PHYSICAL DESCRIPTION | |
| Extent | 96 p. : |
| Other physical details | col. ill. ; |
| Dimensions | 28 cm. |
| 500 ## - GENERAL NOTE | |
| General note | Includes index. |
| 500 ## - GENERAL NOTE | |
| General note | Distributer: Al-Ahram |
| 511 ## - PARTICIPANT OR PERFORMER NOTE | |
| Participant or performer note | Catalogued by: Sara |
| 650 #0 - SUBJECT ADDED ENTRY--TOPICAL TERM | |
| Topical term or geographic name as entry element | Shelving for books. |
| 650 #0 - SUBJECT ADDED ENTRY--TOPICAL TERM | |
| Topical term or geographic name as entry element | Shelving (Furniture) |
| 650 #0 - SUBJECT ADDED ENTRY--TOPICAL TERM | |
| Topical term or geographic name as entry element | Cabinetwork. |
| 700 1# - ADDED ENTRY--PERSONAL NAME | |
| Personal name | Shakery, Karin. |
| 700 1# - ADDED ENTRY--PERSONAL NAME | |
| Personal name | Bergquist, Craig. |
| 710 2# - ADDED ENTRY--CORPORATE NAME | |
| Corporate name or jurisdiction name as entry element | Ortho Books. |
| 740 0# - ADDED ENTRY--UNCONTROLLED RELATED/ANALYTICAL TITLE | |
| Uncontrolled related/analytical title | How to plan and build bookcases, cabinets, and shelves. |
| 740 0# - ADDED ENTRY--UNCONTROLLED RELATED/ANALYTICAL TITLE | |
| Uncontrolled related/analytical title | Bookcases, cabinets & shelves. |
| 942 ## - ADDED ENTRY ELEMENTS (KOHA) | |
| Item type | Book - Borrowing |
| Call number prefix | 684.16HOW |
| Withdrawn status | Item status | Damaged status | Not for loan | Home library | Current library | Shelving location | Date acquired | Source of acquisition | Total Checkouts | Total Renewals | Full call number | Barcode | Date last seen | Date last borrowed | Koha item type |
|---|---|---|---|---|---|---|---|---|---|---|---|---|---|---|---|
| Central Library | Central Library | First floor | 08/04/2014 | Purchase | 1 | 1 | 684.16HOW | 000011157 | 15/07/2025 | 30/09/2018 | Book - Borrowing |